[Event "Asia-ch Amateur"]
[Site "Dubai"]
[Date "2023.08.31"]
[Round "5"]
[White "De Chaudhuri, Aditya"]
[Black "He, Canzhou"]
[Result "0-1"]
[WhiteElo "1124"]
[BlackElo "1841"]
[PlyCount "54"]
[EventDate "2023.08.28"]
[EventType "swiss"]
[EventRounds "9"]
[EventCountry "UAE"]
[SourceTitle "EXT 2024"]
[Source "ChessBase"]
[SourceDate "2023.10.10"]
[SourceVersion "1"]
[SourceVersionDate "2023.10.10"]
[SourceQuality "1"]

1. e4 c6 2. d4 d5 3. e5 Bf5 4. Nf3 e6 5. Be2 Bb4+ 6. c3 Ba5 7. 0-0 Nd7 8. Be3 Bc7 9. Nbd2 f6 10. exf6 Ngxf6 11. Nh4 0-0 12. g4 Nxg4 13. Nxf5 exf5 14. Bxg4 f4 15. Be6+ Kh8 16. Qg4 Nf6 17. Qh4 fxe3 18. Nf3 e2 19. Rfe1 Ne4 20. Qxd8 Raxd8 21. Bg4 Rf4 22. h3 Rdf8 23. Rxe2 Rxf3 24. Bxf3 Rxf3 25. Kg2 Rf6 26. f3 Rg6+ 27. Kf1 Ng3+ 0-1